El Evangelio para los niños / (Record no. 164928)

MARC details
000 -LEADER
campo de control de longitud fija 01008nam a2200229 i 4500
001 - NÚMERO DE CONTROL
campo de control 164928
003 - IDENTIFICADOR DE NÚMERO DE CONTROL
campo de control ES-MaACL
005 - FECHA Y HORA DE LA ÚLTIMA TRANSACCIÓN
campo de control 20250717103728.0
008 - DATOS DE LONGITUD FIJA--INFORMACIÓN GENERAL
campo de control de longitud fija 020419s1846 sp a |||| | spa d
080 ## - NÚMERO DE LA CLASIFICACIÓN DECIMAL UNIVERSAL
Número de la Clasificación Decimal Universal 087.5:82
100 1# - ENTRADA PRINCIPAL--NOMBRE DE PERSONA
Nombre de persona Schmid, Christoph von,
Fechas asociadas al nombre 1768-1854
9 (RLIN) 104449
245 13 - MENCIÓN DEL TÍTULO
Título El Evangelio para los niños /
Mención de responsabilidad, etc. obra escrita en alemán por el canónigo Schmid ; y traducida al castellano por Don Ángel María Terradillos.
260 ## - PUBLICACIÓN, DISTRIBUCIÓN, ETC.
Lugar de publicación, distribución, etc. Madrid :
Nombre del editor, distribuidor, etc. [s.n.],
Fecha de publicación, distribución, etc. 1846 (
Fabricante Imp. de la Viuda de Jordán e Hijos)
300 ## - DESCRIPCIÓN FÍSICA
Extensión 136 p. :
Otras características físicas il. ;
Dimensiones 15 cm.
490 1# - MENCIÓN DE SERIE
Mención de serie Colección selecta de prontuarios elementales ;
Designación de volumen o secuencia 4
630 04 - PUNTO DE ACCESO ADICIONAL DE MATERIA--TÍTULO UNIFORME
Título uniforme Biblia.
Nombre de parte o sección de la obra N.T.
-- Evangelios-
Subdivisión de forma Libros infantiles.
9 (RLIN) 158155
650 07 - PUNTO DE ACCESO ADICIONAL DE MATERIA--TÉRMINO DE MATERIA
Término de materia o nombre geográfico como elemento de entrada Historia sagrada
Fuente del encabezamiento o término embne
9 (RLIN) 13427
700 1# - ENTRADA AGREGADA--NOMBRE PERSONAL
Nombre de persona Terradillos, Ángel María.
9 (RLIN) 133185
830 0# - PUNTO DE ACCESO ADICIONAL DE SERIE-TÍTULO UNIFORME
Título uniforme Colección selecta de prontuarios elementales ;
Designación de volumen o secuencia 4
9 (RLIN) 188602
852 ## - LOCALIZACIÓN
Ubicación ES-MaACL
Número de control de estantería T-27-F-3
Nota libre - Enc. hol., falto de cub. original
-- - Enc. en un vol. facticio
Holdings
Estatus retirado Estado de pérdida Estado de daño No para préstamo Colección Biblioteca de origen Biblioteca actual Ubicación en estantería Fecha de adquisición Total de préstamos Signatura topográfica completa Código de barras Visto por última vez Precio de reemplazo Tipo de ítem Koha
        Colección de folletos Biblioteca del Ateneo de Madrid Biblioteca del Ateneo de Madrid Depósito folletos 17/01/2008   T-27-F-3 1172894 23/02/2023 23/02/2023 Folleto